Normal view
MARC view
- Memoir and self-help guide detailing his life
Entry Topical Term
001 - CONTROL NUMBER
- control field: 134402
003 - CONTROL NUMBER IDENTIFIER
- control field: NUST
005 - DATE AND TIME OF LATEST TRANSACTION
- control field: 20260511131658.0
008 - FIXED-LENGTH DATA ELEMENTS
- fixed length control field: 260511|| aca||aabn | a|a d
040 ## - CATALOGING SOURCE
- Original cataloging agency: NUST
- Transcribing agency: NUST
150 ## - HEADING--TOPICAL TERM
- Topical term or geographic name entry element: Memoir and self-help guide detailing his life
670 ## - SOURCE DATA FOUND
- Source citation: Work cat.: (NUST): Goggins, David 134401, Can't hurt me /, 2018
